| 000 | 00962 a2200205 4500 | ||
|---|---|---|---|
| 020 | _a0812017013 | ||
| 020 | _a9780812017014 | ||
| 082 | 0 | 4 | _a574.076 |
| 090 |
_c1613 _d1613 |
||
| 100 | 1 | _aBleifeld, Maurice. | |
| 245 | 1 | 0 |
_aHow to prepare for sat ii, biology : _bincluding modern biology in review / _cMaurice Bleifeld. |
| 250 | _a11th ed. | ||
| 260 |
_a[S.l.] : _bBarrons Educational Series Inc, _c1994. |
||
| 300 |
_a407 p. ; _c27 cm. |
||
| 500 | _aPaperback. | ||
| 520 | _aA guide to the revised SAT II, formerly College Board Achievement Test, in biology features all major topics and terminology, charts, illustrations, review questions with answers explained, five full-length practice tests, and a diagnostic exam. Original. | ||
| 856 | 4 | 0 |
_3Amazon.com _uhttp://www.amazon.com/exec/obidos/ASIN/0812017013/chopaconline-20 |
| 856 | 4 | 0 |
_3Amazon customer reviews _uhttp://www.chopac.org/cgi-bin/tools/azrev.pl?q=0812017013 |
| 942 |
_aNBS _cBK _k574.076 BLE |
||
| 999 |
_c344129 _d344129 |
||